| 000 | 02294nam0a2200337 4500 | ||
|---|---|---|---|
| 001 | RU\NLR\bibl\1996992 | ||
| 005 | 20230726192234.0 | ||
| 010 |
_a978-5-4246-0148-4 _975 |
||
| 021 |
_aRU _b2013-3091 _9207 |
||
| 035 | _a(NLR Aleph) 001985388 | ||
| 090 |
_a4149328 _c4149328 |
||
| 100 | _a20130205d2012 u||y0rusy50 ca | ||
| 101 | 0 | _arus | |
| 102 | _aRU | ||
| 105 | _aab z|||000yy | ||
| 200 | 1 |
_aОсобо охраняемые природные территории Чувашской Республики _eматериалы к Единому пакету кадастровых сведений _fМ-во природ. ресурсов и экологии Чуваш. Респ., Казенное учреждение Чуваш. Респ. "Дирекция особо охраняемых природ. территорий и объектов Чуваш. Респ." _g[авт.-сост.: к.б.н. Гафурова М.М. и др. _gредкол.: Исаев И.В. (гл. ред.) и др.] |
|
| 205 | _a[Изд. 2-е, испр. и доп.] | ||
| 210 |
_aЧебоксары _cМинистерство природных ресурсов и экологии Чувашской Республики _cКазенное учреждение Чувашской Республики "Дирекция особо охраняемых природ. территорий и объектов Чувашской Республики" _d2012 |
||
| 215 |
_a423 с., [6] л. цв. ил., карт. _cил. _d30 |
||
| 606 | 1 |
_aПриродные территории особо охраняемые _yЧувашская Республика _2nlr_sh2 _3RU\NLR\AUTH\6601548917 |
|
| 686 | 1 | _aБ1(2Р351-6Чу) | |
| 702 | 1 |
_aГафурова _bМ. М. _f1955- _gМаргарита Мстиславовна _3RU\NLR\AUTH\770169627 _4220 |
|
| 702 | 1 |
_aИсаев _bИ. В. _4340 |
|
| 712 | 0 | 2 |
_aДирекция особо охраняемых природных территорий и объектов Чувашской Республики _cЧебоксары _3RU\NLR\AUTH\8810072128 _4570 |
| 801 | 0 |
_aRU _bNLR _c20130205 _gRCR |
|
| 801 | 1 |
_aRU _bNLR _c20130205 |
|
| 942 | _cBOOK | ||
| 980 | _aNBR | ||
| 980 | _aNB | ||